ARRUPE JESUIT UNIVERSITY

CORONAVIRUS -STOP THE SPREAD - CLEAN,DISINFECT,COVER

Technology, society and the school curriculum (Record no. 119592)

MARC details
000 -LEADER
fixed length control field 00528nam a22001457a 4500
008 - FIXED-LENGTH DATA ELEMENTS--GENERAL INFORMATION
fixed length control field 140121b xxu||||| |||| 00| 0 eng d
020 ## - INTERNATIONAL STANDARD BOOK NUMBER
International Standard Book Number 1869803019 SFX
050 ## - LIBRARY OF CONGRESS CALL NUMBER
Classification number LB1628.T255 1986
100 ## - MAIN ENTRY--PERSONAL NAME
Personal name Heywood, J. (ed)
9 (RLIN) 6742
245 ## - TITLE STATEMENT
Title Technology, society and the school curriculum
Remainder of title Practice and theory in Europe
Statement of responsibility, etc Heywood, J. (ed)
260 ## - PUBLICATION, DISTRIBUTION, ETC. (IMPRINT)
Place of publication, distribution, etc Manchester
Name of publisher, distributor, etc Roundthorn Publishing
Date of publication, distribution, etc 1986
300 ## - PHYSICAL DESCRIPTION
Extent xii; 256p.;
Dimensions 21cm.
650 ## - SUBJECT ADDED ENTRY--TOPICAL TERM
Topical term or geographic name as entry element Curriculum
General subdivision Secondary schools
-- Curriculum
-- Technology
9 (RLIN) 6743
942 ## - ADDED ENTRY ELEMENTS (KOHA)
Source of classification or shelving scheme Library of Congress Classification
Item type Monograph ( Printed materials)
Holdings
Withdrawn status Lost status Source of classification or shelving scheme Damaged status Not for loan Home library Current library Date acquired Total Checkouts Full call number Barcode Date last seen Price effective from Koha item type
    Library of Congress Classification     ARRUPE LIBRARY ARRUPE LIBRARY 21/01/2014   LB1628.T255 1986 464122838 28/06/2018 21/01/2014 Monograph ( Printed materials)

 

Arrupe Library. PO Box MP320 Mt Pleasant, Harare, Zimbabwe
263 242 745411|librarian@aju.ac.zw